000 00891pam a2200253 a 4500
999 _c9477
_d9477
001 3314255
003 ARRUPE
005 20170801094559.0
008 840615s1984 gau b 001 0 eng
010 _a 84014686
020 _a0865541167 (alk. paper) :
_c$21.50
040 _aDLC
_cDLC
_dDLC
050 0 0 _aB828.2
_b.S5 1984
082 0 0 _a200/.1
_219
100 1 _aShea, William M.,
_d1935-
_934105
245 1 4 _aThe naturalists and the supernatural :
_bstudies in horizon and an American philosophy of religion /
_cWilliam M. Shea.
260 _a[Macon, Ga.] :
_bMercer,
_cc1984.
300 _axvi, 244 p. ;
_c24 cm.
504 _aIncludes bibliographical references and index.
650 0 _aNaturalism.
_919797
650 0 _aReligion.
_934106
906 _a7
_bcbc
_corignew
_d1
_eocip
_f19
_gy-gencatlg
942 _2lcc
_cMONOGRAPH